[Event "23e tournoi de Noël"]
[Site "Montigny le Bretonneux"]
[Date "2024.12.27"]
[Round "2.1"]
[White "Weens, William"]
[Black "Ben Khelifa, Noomene"]
[Result "0-1"]
[WhiteElo "1782"]
[BlackElo "2049"]
[Annotator "Rivier,Sylvain"]
[PlyCount "82"]
[EventDate "2024.??.??"]
[WhiteTeam "ECHECS 78"]
[BlackTeam "Cavalier Bleu Drancy"]

{Défense sicilienne, variante Najdorf} 1. e4 c5 2. Nf3 d6 3. d4 cxd4 4. Nxd4
Nf6 5. Nc3 a6 6. Bg5 e6 7. f4 Nbd7 8. Bc4 h6 9. Bh4 e5 10. Nf5 Qc7 11. Bb3 exf4
12. Qd2 g5 13. Bf2 Ne5 14. O-O-O Bxf5 15. exf5 O-O-O 16. Rhe1 Be7 17. Na4 Rde8
18. Bb6 Qc6 19. Bd4 Nfd7 20. Nc3 Rhf8 21. Bd5 Qc7 22. Na4 b5 23. Nc3 Nb6 24.
Bxb6 Qxb6 25. Ne4 Kb8 26. f6 Bd8 27. Qb4 Bc7 28. Bb3 Ng4 29. h3 Ne3 30. Nxd6 a5
31. Qd2 Rd8 32. Qf2 Rxd6 33. Rxd6 Qxd6 34. g3 a4 35. gxf4 gxf4 36. Bxf7 Rxf7
37. Rg1 Qxf6 38. Qe2 Qc6 39. Rg8+ Kb7 40. Qd3 Qh1+ 41. Kd2 Rd7 0-1

[Event "23e tournoi de Noël"]
[Site "Montigny le Bretonneux"]
[Date "2024.12.27"]
[Round "2.2"]
[White "Korte, Markus"]
[Black "Kunne, Ronald"]
[Result "1-0"]
[WhiteElo "1970"]
[BlackElo "1803"]
[Annotator "Rivier,Sylvain"]
[PlyCount "51"]
[EventDate "2024.??.??"]
[WhiteTeam "Ecole Française d'Echecs de Metz"]
[BlackTeam "Club d'Echecs d'Orsay"]

{Défense française, variante d'avance} 1. e4 e6 2. d4 d5 3. e5 c5 4. c3 Nc6
5. Be3 cxd4 6. cxd4 Qb6 7. Qd2 Nge7 8. Nc3 Nf5 9. Bd3 Nxe3 10. fxe3 Nb4 11. Be2
Be7 12. Nf3 Bd7 13. O-O O-O-O 14. a3 Nc6 15. b4 Rdf8 16. b5 Na5 17. Na4 Qd8 18.
Qc2+ Qc7 19. Qb2 Nc4 20. Bxc4 dxc4 21. Rfc1 Qa5 22. Rxc4+ Kb8 23. Rb1 Rc8 24.
Nc5 Qd8 25. b6 Bxc5 26. bxa7+ 1-0

[Event "23e tournoi de Noël"]
[Site "Montigny le Bretonneux"]
[Date "2024.12.27"]
[Round "2.3"]
[White "Fasquelle, Cedric"]
[Black "Wuthrich, Guillaume"]
[Result "1-0"]
[WhiteElo "1739"]
[BlackElo "1959"]
[Annotator "Rivier,Sylvain"]
[PlyCount "149"]
[EventDate "2024.??.??"]
[WhiteTeam "Saint-Quentin en Yvelines"]
[BlackTeam "Le Cavalier de La Reine Bourg-La-Reine"]

{Défense française, variante Tarrasch ouverte} 1. e4 e6 2. d4 d5 3. Nd2 c5 4.
c3 cxd4 5. cxd4 dxe4 6. Nxe4 Nc6 7. Nf3 Be7 8. Bc4 Nf6 9. Nxf6+ Bxf6 10. Be3
O-O 11. O-O Nb4 12. Qd2 Nd5 13. Bg5 b6 14. Bd3 Bb7 15. Be4 Bxg5 16. Nxg5 h6 17.
Nh3 Qd6 18. Rac1 Rad8 19. f4 f5 20. Bf3 Ba6 21. Rfe1 Rfe8 22. a3 Qd7 23. Nf2
Nf6 24. Bc6 Qd6 25. Bxe8 Rxe8 26. Qe3 Bb7 27. Qe5 Qd8 28. Rc7 Bd5 29. Rxa7 Re7
30. Rxe7 Qxe7 31. Qb8+ Kh7 32. Qxb6 Qe8 33. Qb4 Qg6 34. g3 Nh5 35. Kf1 Nxf4 36.
gxf4 Qg2+ 37. Ke2 Qf3+ 38. Kd2 Qxf2+ 39. Kc1 Be4 40. Qd2 Qf3 41. Qe3 Qg2 42.
Qe2 Qh3 43. Qd2 Qf3 44. Rg1 h5 45. Re1 h4 46. a4 Qb3 47. Rxe4 fxe4 48. a5 Qc4+
49. Kb1 Kg6 50. Qg2+ Kf6 51. Qxe4 Qa4 52. Qe5+ Kf7 53. Kc1 Qc4+ 54. Kb1 Qa4 55.
Qc5 Qd1+ 56. Ka2 Qa4+ 57. Kb1 Qd1+ 58. Ka2 Qa4+ 59. Qa3 Qxd4 60. a6 Qc4+ 61.
Kb1 Qf1+ 62. Kc2 Qe2+ 63. Kb3 Qd3+ 64. Kb4 Qd6+ 65. Kb5 Qb8+ 66. Kc6 Qa8+ 67.
Kb5 Qb8+ 68. Ka4 Qxf4+ 69. Qb4 Qc1 70. Qb7+ Kg6 71. a7 Qa1+ 72. Kb5 Qxb2+ 73.
Kc6 Qc2+ 74. Kd7 Qd3+ 75. Ke8 1-0

[Event "23e tournoi de Noël"]
[Site "Montigny le Bretonneux"]
[Date "2024.12.27"]
[Round "2.4"]
[White "Divies, Renaud"]
[Black "Martin, Gabriel"]
[Result "1-0"]
[WhiteElo "1922"]
[BlackElo "1753"]
[Annotator "Rivier,Sylvain"]
[PlyCount "69"]
[EventDate "2024.??.??"]
[WhiteTeam "Club d'Echecs du Vesinet"]
[BlackTeam "Club d'Echecs d'Orsay"]

{Ouverture anglaise, variante néo-catalane refusée} 1. c4 e6 2. g3 Nf6 3. Bg2
d5 4. Nf3 Be7 5. b3 O-O 6. O-O Re8 7. Bb2 b6 8. cxd5 exd5 9. Ne5 c5 10. d4 Bb7
11. Nd2 Nc6 12. Nxc6 Bxc6 13. Rc1 Rc8 14. dxc5 bxc5 15. Bxf6 gxf6 16. e4 d4 17.
Qh5 Qa5 18. Rfd1 Bf8 19. Bh3 Rc7 20. Bf5 h6 21. a4 Qb4 22. Qh4 Bg7 23. Qf4 Rce7
24. Qd6 Qb7 25. Rxc5 Bxe4 26. Bxe4 Rxe4 27. Nxe4 Rxe4 28. Rb5 Qe7 29. Qxe7 Rxe7
30. Rxd4 Kh7 31. Rf5 Kg6 32. g4 h5 33. Rxh5 f5 34. Rd6+ Re6 35. gxf5+ 1-0

[Event "23e tournoi de Noël"]
[Site "Montigny le Bretonneux"]
[Date "2024.12.27"]
[Round "2.5"]
[White "Arutyunov, Mikael"]
[Black "Imbert, Christophe"]
[Result "0-1"]
[WhiteElo "1730"]
[BlackElo "1902"]
[Annotator "Rivier,Sylvain"]
[PlyCount "116"]
[EventDate "2024.??.??"]
[WhiteTeam "Tours et Detours Club d'Echecs Centre Brie"]
[BlackTeam "Club d'Echecs du Vesinet"]

{Ouverture du pion dame, défense est-indienne} 1. d4 Nf6 2. Nf3 g6 3. Bf4 Bg7
4. Nbd2 c5 5. e3 cxd4 6. exd4 d6 7. Bd3 Nc6 8. c3 O-O 9. O-O Re8 10. Re1 Bd7
11. h3 Nd5 12. Bg3 Rc8 13. Qb3 Nc7 14. Ng5 e6 15. Nge4 e5 16. d5 Na5 17. Qa3
Nxd5 18. Nxd6 Bf8 19. Rxe5 Be6 20. Re2 a6 21. N2e4 f5 22. Nc5 Bxd6 23. Bxd6
Qxd6 24. Rxe6 Rxe6 25. Nxe6 Qxa3 26. bxa3 Rxc3 27. Rd1 Rxa3 28. Bxa6 bxa6 29.
Rxd5 Rxa2 30. Rd8+ Kf7 31. Ng5+ Ke7 32. Ra8 h6 33. Ra7+ Ke8 34. Rxa6 hxg5 35.
Rxg6 Kf7 36. Rxg5 Kf6 37. Rg3 Ra1+ 38. Kh2 Nc4 39. Rc3 Ne5 40. f4 Ng6 41. Rc6+
Kg7 42. Rc5 Ne7 43. g4 Ra2+ 44. Kg3 Ra3+ 45. Kg2 Ng6 46. Rc7+ Kf8 47. gxf5
Nxf4+ 48. Kf2 Nxh3+ 49. Kg2 Ng5 50. Rb7 Nf7 51. f6 Nd6 52. Rb4 Ne8 53. f7 Kxf7
54. Rb7+ Kg6 55. Rb5 Nf6 56. Kf1 Ne4 57. Ke1 Ra1+ 58. Ke2 Nc3+ 0-1

[Event "23e tournoi de Noël"]
[Site "Montigny le Bretonneux"]
[Date "2024.12.27"]
[Round "2.6"]
[White "Greuthier, Alois"]
[Black "Appavou, Calixte"]
[Result "1-0"]
[WhiteElo "1875"]
[BlackElo "1734"]
[Annotator "Rivier,Sylvain"]
[PlyCount "70"]
[EventDate "2024.??.??"]
[WhiteTeam "L'Echiquier Royal de Châtenoy le Royal"]
[BlackTeam "Saint-Quentin en Yvelines"]

{Ouverture catalane, variante fermée} 1. d4 d5 2. Nf3 Nf6 3. c4 c6 4. Nc3 e6
5. g3 Nbd7 6. Bg2 Bd6 7. Qd3 e5 8. dxe5 Nxe5 9. Nxe5 Bxe5 10. cxd5 Bxc3+ 11.
Qxc3 cxd5 12. Bg5 Be6 13. Bxf6 Qxf6 14. Qxf6 gxf6 15. O-O O-O 16. Rfd1 Rfd8 17.
Rd2 Rac8 18. Rad1 b6 19. Kf1 a5 20. a3 d4 21. Bb7 Rc7 22. Be4 Bb3 23. Rxd4 Rxd4
24. Rxd4 Bc2 25. b4 Bxe4 26. Rxe4 Ra7 27. Re8+ Kg7 28. Rb8 axb4 29. axb4 Ra1+
30. Kg2 Re1 31. e3 Rb1 32. Rxb6 h5 33. h3 Kg6 34. e4 Kg5 35. h4+ Kg6 1-0

[Event "23e tournoi de Noël"]
[Site "Montigny le Bretonneux"]
[Date "2024.12.27"]
[Round "2.7"]
[White "Couradin, Jean-Marie"]
[Black "Kvashyna, Tetyana"]
[Result "0-1"]
[WhiteElo "1703"]
[BlackElo "1848"]
[Annotator "Rivier,Sylvain"]
[PlyCount "48"]
[EventDate "2024.??.??"]
[WhiteTeam "La Dame Noire"]
[BlackTeam "Arcueil Chessland"]

{Début Réti, système Barcza} 1. Nf3 d5 2. g3 Nf6 3. Bg2 c6 4. d3 h6 5. Nbd2
Bf5 6. O-O e6 7. Re1 Bc5 8. e4 dxe4 9. dxe4 Nxe4 10. Nxe4 Qxd1 11. Rxd1 Bxe4
12. c3 O-O 13. Bf4 Be7 14. Rd4 Bd5 15. b3 c5 16. Rd3 Na6 17. c4 Bc6 18. a3 Rad8
19. Rad1 Rxd3 20. Rxd3 Rd8 21. Rxd8+ Bxd8 22. Ne5 Bxg2 23. Kxg2 Be7 24. Kf3 g5
0-1

[Event "23e tournoi de Noël"]
[Site "Montigny le Bretonneux"]
[Date "2024.12.27"]
[Round "2.8"]
[White "Fayolle, Guy"]
[Black "Conq, Alain"]
[Result "1/2-1/2"]
[WhiteElo "1696"]
[BlackElo "1831"]
[Annotator "Rivier,Sylvain"]
[PlyCount "82"]
[EventDate "2024.??.??"]
[WhiteTeam "Saint-Quentin en Yvelines"]
[BlackTeam "Echiquier Scéen - Sceaux"]

{Défense sicilienne, variante O'Kelly} 1. e4 c5 2. Nf3 a6 3. d4 cxd4 4. Nxd4
Nf6 5. Nc3 e5 6. Nf3 Bb4 7. Bd3 Nc6 8. O-O O-O 9. Bg5 Bxc3 10. bxc3 h6 11. Bh4
Ne7 12. Bxf6 gxf6 13. h3 d6 14. Nh2 Kh7 15. Qf3 Ng6 16. Ng4 Bxg4 17. Qxg4 Rg8
18. Qf5 Kh8 19. Qh5 Qf8 20. Qf5 Qg7 21. g3 Rad8 22. Kh2 Ne7 23. Qh5 Qg5 24.
Qxf7 Rg7 25. Qe6 h5 26. h4 Qg6 27. Rab1 b5 28. c4 Nc6 29. c3 b4 30. Qd5 Ne7 31.
Qa5 Rdg8 32. Qxb4 Qg4 33. Qb2 Qf3 34. Qe2 Rxg3 35. fxg3 Qxg3+ 36. Kh1 Qh3+ 37.
Qh2 Qxd3 38. Rbe1 Qxc3 39. Qe2 Qh3+ 40. Qh2 Qc3 41. Qe2 Qh3+ 1/2-1/2

[Event "23e tournoi de Noël"]
[Site "Montigny le Bretonneux"]
[Date "2024.12.27"]
[Round "2.9"]
[White "Gauthier, Laurent"]
[Black "Sondermeijer, Antoine"]
[Result "1-0"]
[WhiteElo "1831"]
[BlackElo "1719"]
[Annotator "Rivier,Sylvain"]
[PlyCount "75"]
[EventDate "2024.??.??"]
[WhiteTeam "Les Tours d'Angoulême"]
[BlackTeam "Club d'Echecs de Guyancourt"]

{Défense française, variante classique} 1. d4 d5 2. Nc3 Nf6 3. Bg5 e6 4. e4
dxe4 5. Nxe4 Be7 6. Bxf6 Bxf6 7. Nf3 O-O 8. c3 Nd7 9. Bd3 b6 10. Qc2 Bb7 11.
O-O-O a5 12. h4 Qe7 13. g4 g6 14. Rh3 Bg7 15. g5 f5 16. gxf6 Nxf6 17. Nxf6+
Rxf6 18. Ng5 Rf4 19. Kb1 Raf8 20. Re1 Bd5 21. Bxg6 Rxf2 22. Bxh7+ Kh8 23. Qd1
Qf6 24. Bd3 c5 25. Nh7 Qf4 26. Nxf8 Bxf8 27. Qh5+ Bh6 28. Qe8+ Bf8 29. Qg6 Qh6
30. Qxh6+ Bxh6 31. dxc5 bxc5 32. c4 Bg2 33. Rg3 Bg7 34. Re2 Rf1+ 35. Kc2 Bf3
36. Rxe6 Bd1+ 37. Kd2 Bh5 38. Bxf1 1-0

[Event "23e tournoi de Noël"]
[Site "Montigny le Bretonneux"]
[Date "2024.12.27"]
[Round "2.10"]
[White "Salhi, Clement"]
[Black "Crouzet, Leo"]
[Result "0-1"]
[WhiteElo "1299"]
[BlackElo "1829"]
[Annotator "Rivier,Sylvain"]
[PlyCount "60"]
[EventDate "2024.??.??"]
[WhiteTeam "Club du Canal St-Martin Paris"]
[BlackTeam "GIF-CC2-Echecs"]

{Défense est-indienne, variante du fianchetto} 1. d4 Nf6 2. Nf3 g6 3. c4 Bg7
4. g3 O-O 5. Bg2 d6 6. O-O Nc6 7. Nc3 e5 8. dxe5 Nxe5 9. Qb3 Nxf3+ 10. Bxf3 Bh3
11. Re1 Rb8 12. Bf4 Nd7 13. e4 Nc5 14. Qc2 a5 15. Rad1 Ne6 16. Bd2 f5 17. Bc1
f4 18. e5 fxg3 19. Re3 gxf2+ 20. Qxf2 Qg5+ 21. Qg3 Qxg3+ 22. hxg3 Bxe5 23. g4
Rxf3 24. Rxf3 Bxg4 25. Rdf1 Bxf3 26. Rxf3 Rf8 27. Rh3 Nf4 28. Bxf4 Rxf4 29. Nd5
Rxc4 30. Ne7+ Kg7 0-1

[Event "23e tournoi de Noël"]
[Site "Montigny le Bretonneux"]
[Date "2024.12.27"]
[Round "2.11"]
[White "Artieres, Michel"]
[Black "Salagnac, Sowan"]
[Result "1-0"]
[WhiteElo "1807"]
[BlackElo "1702"]
[Annotator "Rivier,Sylvain"]
[PlyCount "29"]
[EventDate "2024.??.??"]
[WhiteTeam "La Dame Noire"]
[BlackTeam "Saint-Quentin en Yvelines"]

{Défense russe, variante moderne} 1. e4 e5 2. Nf3 Nf6 3. d4 exd4 4. Nxd4 Nxe4
5. Bd3 Nf6 6. O-O d5 7. Re1+ Be7 8. Qe2 c5 9. Bb5+ Nbd7 10. Nf5 Ng8 11. Nxg7+
Kf8 12. Nh5 a6 13. Bxd7 Bxd7 14. Qe5 Nf6 15. Bh6+ 1-0

[Event "23e tournoi de Noël"]
[Site "Montigny le Bretonneux"]
[Date "2024.12.27"]
[Round "2.12"]
[White "Sanchez-Narboni, Quentin"]
[Black "Pages, Clement"]
[Result "1-0"]
[WhiteElo "1841"]
[BlackElo "1538"]
[Annotator "Rivier,Sylvain"]
[PlyCount "76"]
[EventDate "2024.??.??"]
[WhiteTeam "GIF-CC2-Echecs"]
[BlackTeam "L'Hay les Roses Echecs et Mat"]

{Défense française, variante d'avance} 1. d4 d5 2. e4 e6 3. e5 c5 4. c3 Nc6
5. Nf3 cxd4 6. cxd4 Bb4+ 7. Bd2 Qb6 8. Bxb4 Qxb4+ 9. Qd2 Qxd2+ 10. Kxd2 Nge7
11. Bd3 O-O 12. Nc3 Bd7 13. Rac1 Rac8 14. b3 f6 15. Rhe1 fxe5 16. dxe5 Nb4 17.
Bb1 Bc6 18. Ng5 g6 19. f3 Bd7 20. Ne2 h6 21. Rxc8 Rxc8 22. Nh3 g5 23. Nf2 Be8
24. Ng4 Kg7 25. Nd4 Bf7 26. a3 Nbc6 27. Nb5 a6 28. Nd6 Rc7 29. Nxf7 Kxf7 30.
Nxh6+ Kg7 31. Ng4 Nd4 32. Re3 Nef5 33. Rd3 b5 34. Nf6 Kf7 35. Nh7 Kg6 36. Rxd4
Kxh7 37. g4 Rf7 38. gxf5 exf5 1-0

[Event "23e tournoi de Noël"]
[Site "Montigny le Bretonneux"]
[Date "2024.12.27"]
[Round "2.13"]
[White "Meddour, Ithri"]
[Black "Longbien, Dominique"]
[Result "1-0"]
[WhiteElo "1483"]
[BlackElo "1682"]
[Annotator "Rivier,Sylvain"]
[PlyCount "91"]
[EventDate "2024.??.??"]
[WhiteTeam "Saint-Quentin en Yvelines"]
[BlackTeam "La Dame Noire"]

{Ouverture du pion dame, défense est-indienne} 1. d4 g6 2. Nf3 Bg7 3. c3 Nf6
4. Bf4 d6 5. e3 h6 6. Be2 Nh5 7. Bg3 Nxg3 8. hxg3 Be6 9. Nbd2 Nd7 10. e4 Nb6
11. d5 Bd7 12. a4 c6 13. a5 Nc8 14. Qb3 b6 15. dxc6 Bxc6 16. Nd4 Bd7 17. Nc4
Rb8 18. Qc2 Qc7 19. axb6 Nxb6 20. Ne3 O-O 21. Nb5 Bxb5 22. Bxb5 e6 23. Bd3 Ra8
24. f4 Qc5 25. Qf2 f5 26. g4 fxg4 27. g3 g5 28. f5 exf5 29. Nxf5 Qe5 30. Kd2 d5
31. Qe3 Nc4+ 32. Bxc4 dxc4 33. Nxh6+ Bxh6 34. Rxh6 Rad8+ 35. Kc2 Kg7 36. Rah1
Rf7 37. Rh7+ Kf8 38. Rxf7+ Kxf7 39. Qxa7+ Ke8 40. Qa4+ Ke7 41. Qxc4 Qxg3 42.
Rh7+ Kf6 43. Qc6+ Rd6 44. Rh6+ Ke7 45. Qc7+ Ke8 46. Rh8# 1-0

[Event "23e tournoi de Noël"]
[Site "Montigny le Bretonneux"]
[Date "2024.12.27"]
[Round "2.14"]
[White "Benkaci, Massin"]
[Black "Bouloc, Roger"]
[Result "1-0"]
[WhiteElo "1655"]
[BlackElo "1491"]
[Annotator "Rivier,Sylvain"]
[PlyCount "105"]
[EventDate "2024.??.??"]
[WhiteTeam "Club du Canal St-Martin Paris"]
[BlackTeam "La Dame Noire"]

{Gambit dame, défense orthodoxe} 1. d4 d5 2. c4 e6 3. Nc3 Nf6 4. Bg5 Nbd7 5.
e3 Be7 6. Nf3 h6 7. Bh4 O-O 8. Bd3 dxc4 9. Bxc4 b6 10. O-O a5 11. Bg3 Bd6 12.
Bxd6 cxd6 13. e4 Ba6 14. Bxa6 Rxa6 15. Rc1 Qb8 16. Qe2 Ra8 17. Rc2 Re8 18. Re1
Qa7 19. Nb5 Qa6 20. Nxd6 Qxe2 21. Rcxe2 Red8 22. Rc2 Ne8 23. Nb5 Nef6 24. Nd2
e5 25. d5 Nc5 26. f3 Nd3 27. Ra1 Rac8 28. Nc4 Nxb2 29. Rxb2 Rxc4 30. Na3 Rc3
31. Nb5 Rc5 32. Na7 Nd7 33. Nc6 Re8 34. Rab1 Nb8 35. Rxb6 Nxc6 36. Rxc6 Rc8 37.
Rxc8+ Rxc8 38. Rb2 Kf8 39. Kf2 Rc7 40. Ke2 Ke7 41. Kd2 g6 42. Rb5 Kd6 43. Rxa5
h5 44. Ra3 f5 45. Rc3 Rxc3 46. Kxc3 fxe4 47. fxe4 h4 48. a4 g5 49. h3 Kc5 50.
Kb3 Kb6 51. Kb4 Kc7 52. Kc5 Kb7 53. d6 1-0

[Event "23e tournoi de Noël"]
[Site "Montigny le Bretonneux"]
[Date "2024.12.27"]
[Round "2.15"]
[White "Chakour, Samir"]
[Black "Imbert, Nicolas"]
[Result "0-1"]
[WhiteElo "1461"]
[BlackElo "1640"]
[Annotator "Rivier,Sylvain"]
[PlyCount "56"]
[EventDate "2024.??.??"]
[WhiteTeam "Saint-Quentin en Yvelines"]
[BlackTeam "Saint-Quentin en Yvelines"]

{Début Réti} 1. Nf3 d6 2. g3 Nf6 3. Bg2 g6 4. O-O Bg7 5. c3 O-O 6. d3 e5 7.
Qc2 Nbd7 8. Nbd2 Re8 9. Re1 c6 10. e4 a5 11. Rb1 b5 12. b3 Nb6 13. a4 Bd7 14.
Ba3 c5 15. b4 axb4 16. cxb4 Rxa4 17. Ra1 cxb4 18. Bb2 Qc8 19. Qxc8 Rxc8 20. d4
Rc2 21. Reb1 Bh6 22. dxe5 Rxb2 23. Rxb2 Rxa1+ 24. Bf1 dxe5 25. Nxe5 Bxd2 26.
Rxd2 Bh3 27. Rd8+ Kg7 28. Nxf7 Rxf1# 0-1

[Event "23e tournoi de Noël"]
[Site "Montigny le Bretonneux"]
[Date "2024.12.27"]
[Round "2.16"]
[White "Neveu, Raphael"]
[Black "Garabedian, Christophe"]
[Result "1-0"]
[WhiteElo "1640"]
[BlackElo "1476"]
[Annotator "Rivier,Sylvain"]
[PlyCount "39"]
[EventDate "2024.??.??"]
[WhiteTeam "La Dame Noire"]
[BlackTeam "La Dame Noire"]

{Ouverture du pion dame} 1. e4 g6 2. d4 d6 3. c4 Bg7 4. Nf3 Nd7 5. Be2 c5 6. d5
Ne5 7. Nc3 b6 8. Bf4 Bd7 9. Nxe5 dxe5 10. Be3 f5 11. exf5 Bxf5 12. O-O Nf6 13.
h3 Qd7 14. g4 O-O 15. gxf5 Qxf5 16. Kh2 e4 17. Qd2 Nh5 18. Bg4 Be5+ 19. Kh1 Qf7
20. Be6 1-0

[Event "23e tournoi de Noël"]
[Site "Montigny le Bretonneux"]
[Date "2024.12.27"]
[Round "2.17"]
[White "Nguyen, Bui Nhat Duy"]
[Black "Corbillet, Mathieu"]
[Result "0-1"]
[WhiteElo "1401"]
[BlackElo "1631"]
[Annotator "Rivier,Sylvain"]
[PlyCount "70"]
[EventDate "2024.??.??"]
[WhiteTeam "Club d'Echecs d'Orsay"]
[BlackTeam "La Dame Noire"]

{Partie du centre} 1. e4 e5 2. d4 exd4 3. c3 Nc6 4. cxd4 d6 5. Nc3 Nf6 6. Nf3
Bg4 7. Be2 h6 8. Be3 Be7 9. h3 Bh5 10. O-O O-O 11. Nd2 Bg6 12. f4 Nd7 13. f5
Bh7 14. Bh5 Bg5 15. Qe2 Re8 16. Rf3 Bxe3+ 17. Qxe3 Nf6 18. g4 Nxh5 19. gxh5 Qh4
20. Rf4 Qg5+ 21. Kh2 Nxd4 22. Rg1 Qf6 23. Nd5 Qe5 24. Qg3 Ne2 25. Nc4 Nxg3 26.
Nxe5 dxe5 27. Rg4 Nxh5 28. Nxc7 g5 29. fxg6 Bxg6 30. Nxa8 Rxa8 31. R4g2 Nf4 32.
Rc2 Kf8 33. Rc4 Rd8 34. Rb4 Rd2+ 35. Kg3 Ne2+ 0-1

[Event "23e tournoi de Noël"]
[Site "Montigny le Bretonneux"]
[Date "2024.12.27"]
[Round "2.18"]
[White "Barthere, Gilles"]
[Black "Derain, Jacky"]
[Result "1-0"]
[WhiteElo "1630"]
[BlackElo "1458"]
[Annotator "Rivier,Sylvain"]
[PlyCount "61"]
[EventDate "2024.??.??"]
[WhiteTeam "CE Le Roi Soleil - Le Chesnay - Versailles"]
[BlackTeam "L'Isle-Adam Echecs"]

{Défense scandinave} 1. e4 d5 2. exd5 Qxd5 3. Nc3 Qa5 4. d4 Nf6 5. Bd2 c6 6.
Nf3 Bf5 7. Bc4 e6 8. O-O Be7 9. Re1 O-O 10. Nd5 Qd8 11. Nxe7+ Qxe7 12. a3 Nbd7
13. Bg5 h6 14. Bh4 Nb6 15. Bb3 Rad8 16. c3 Nbd5 17. h3 Nf4 18. Kh2 Ng6 19. Bg3
Ne4 20. Bc2 Nxg3 21. fxg3 Bxc2 22. Qxc2 f6 23. Qxg6 Rd5 24. Re4 c5 25. Rh4 cxd4
26. Nxd4 Rg5 27. Qe4 e5 28. Rf1 Qd7 29. Nf3 Rf5 30. Qg4 Rf7 31. Rh5 1-0

[Event "23e tournoi de Noël"]
[Site "Montigny le Bretonneux"]
[Date "2024.12.27"]
[Round "2.19"]
[White "Charlet, Tristan"]
[Black "Moulun, Raphael"]
[Result "1-0"]
[WhiteElo "1399"]
[BlackElo "1597"]
[Annotator "Rivier,Sylvain"]
[PlyCount "77"]
[EventDate "2024.??.??"]
[WhiteTeam "Club d'Echecs d'Orsay"]
[BlackTeam "La Dame Noire"]

{Défense Petroff} 1. e4 e5 2. Nf3 Nf6 3. Nxe5 Nxe4 4. Qe2 Qe7 5. Qxe4 d6 6. d4
dxe5 7. Qxe5 Qxe5+ 8. dxe5 Nc6 9. Bb5 Bd7 10. f4 Nxe5 11. Bxd7+ Nxd7 12. Nc3
O-O-O 13. Be3 Bc5 14. Bxc5 Rhe8+ 15. Kf2 Nxc5 16. Rad1 Ne6 17. Rxd8+ Rxd8 18.
Ke3 c6 19. Rd1 Re8 20. Kf3 Kc7 21. b4 a6 22. a4 b6 23. h4 f5 24. h5 Re7 25. b5
Rd7 26. Rxd7+ Kxd7 27. bxa6 Kc7 28. Ne2 c5 29. c4 Nd4+ 30. Nxd4 cxd4 31. Ke2
Kb8 32. Kd3 Ka7 33. Kxd4 Kxa6 34. c5 bxc5+ 35. Kxc5 Ka5 36. Kd5 Kxa4 37. Ke5 g6
38. hxg6 hxg6 39. Kf6 1-0

[Event "23e tournoi de Noël"]
[Site "Montigny le Bretonneux"]
[Date "2024.12.27"]
[Round "2.20"]
[White "Foveau, Guillaume"]
[Black "Carbonero, Jean Marc"]
[Result "1-0"]
[WhiteElo "1588"]
[BlackElo "1399"]
[Annotator "Rivier,Sylvain"]
[PlyCount "55"]
[EventDate "2024.??.??"]
[WhiteTeam "La Dame Noire"]
[BlackTeam "La Dame Noire"]

{Gambit dame} 1. d4 d5 2. c4 Nf6 3. cxd5 Nxd5 4. e4 Nf6 5. Nc3 e6 6. Nf3 Bb4 7.
Bg5 Be7 8. Bxf6 Bxf6 9. e5 Be7 10. Bd3 O-O 11. O-O c5 12. dxc5 f5 13. exf6 Bxf6
14. Qc2 g6 15. Rad1 Qe8 16. Nb5 Qc6 17. Nd6 Nd7 18. b4 a5 19. Bb5 Qc7 20. Nxc8
Ne5 21. Nxe5 Raxc8 22. Nd7 Rf7 23. Nxf6+ Rxf6 24. Qb2 e5 25. Rd7 Qb8 26. Qb3+
Kh8 27. Qh3 h5 28. Qe3 1-0

[Event "23e tournoi de Noël"]
[Site "Montigny le Bretonneux"]
[Date "2024.12.27"]
[Round "2.21"]
[White "Couradin, Bruno"]
[Black "Leblanc, Didier"]
[Result "1-0"]
[WhiteElo "1577"]
[BlackElo "1399"]
[Annotator "Rivier,Sylvain"]
[PlyCount "39"]
[EventDate "2024.??.??"]
[WhiteTeam "La Dame Noire"]
[BlackTeam "Saint-Quentin en Yvelines"]

{Défense Petroff} 1. e4 e5 2. Nc3 Nf6 3. Nf3 Bb4 4. d3 Nc6 5. Bd2 O-O 6. a3
Bc5 7. Bg5 d6 8. Nd5 Bg4 9. h3 Bh5 10. Be2 b6 11. b4 Nxb4 12. axb4 c6 13. Nxf6+
gxf6 14. Bd2 a5 15. bxc5 bxc5 16. Nh4 Bxe2 17. Qxe2 Rb8 18. Nf5 Rb2 19. Qg4+
Kh8 20. Qg7# 1-0

[Event "23e tournoi de Noël"]
[Site "Montigny le Bretonneux"]
[Date "2024.12.27"]
[Round "2.22"]
[White "Nguyen, Hai Nam"]
[Black "Fasquelle, Yann"]
[Result "1-0"]
[WhiteElo "1299"]
[BlackElo "1563"]
[Annotator "Rivier,Sylvain"]
[PlyCount "49"]
[EventDate "2024.??.??"]
[WhiteTeam "Club d'Echecs de Guyancourt"]
[BlackTeam "Saint-Quentin en Yvelines"]

{Défense sicilienne} 1. e4 c5 2. Nf3 e6 3. d4 cxd4 4. Nxd4 Nf6 5. Nc3 Qa5 6.
Bd3 Bc5 7. Nb3 Qb6 8. O-O a6 9. Na4 Bxf2+ 10. Rxf2 Qa7 11. Bg5 Nc6 12. Qe1 Ng4
13. Be3 Nxe3 14. Kh1 Ng4 15. Rf4 Nce5 16. Qh4 b6 17. h3 Ne3 18. Qg5 Nxd3 19.
cxd3 O-O 20. Rh4 Nc2 21. Rg4 g6 22. Rf1 d6 23. Rh4 b5 24. Rf6 bxa4 25. Qh6 1-0

[Event "23e tournoi de Noël"]
[Site "Montigny le Bretonneux"]
[Date "2024.12.27"]
[Round "2.23"]
[White "Ndika, Anthony"]
[Black "Rabetrano, Arthur"]
[Result "1-0"]
[WhiteElo "1538"]
[BlackElo "1299"]
[Annotator "Rivier,Sylvain"]
[PlyCount "73"]
[EventDate "2024.??.??"]
[WhiteTeam "L'Hay les Roses Echecs et Mat"]
[BlackTeam "AGJA-Echiquier Aquitaine"]

{Gambit dame} 1. d4 e6 2. c4 d5 3. Nc3 Nf6 4. Bg5 Be7 5. e3 h6 6. Bxf6 Bxf6 7.
cxd5 exd5 8. Bd3 O-O 9. Nge2 Bg4 10. O-O Nc6 11. Qb3 Be6 12. Qxb7 Qd7 13. Bb5
Na5 14. Qa6 c6 15. Qxa5 cxb5 16. Qxb5 Qxb5 17. Nxb5 Rab8 18. Nxa7 Rxb2 19. Nc3
Ra8 20. Nab5 Bc8 21. Rfb1 Rc2 22. Nxd5 Raxa2 23. Nxf6+ gxf6 24. Rxa2 Rxa2 25.
Rd1 Ba6 26. Nc3 Rc2 27. Ne4 f5 28. Nc5 Be2 29. Ra1 Kg7 30. h3 Kg6 31. g3 Bf3
32. Nd7 Kg5 33. Ne5 Bd5 34. Rd1 f6 35. Nd3 Bf3 36. Ra1 h5 37. Ne1 1-0